Biblioteca

Luke (Registro nro. 46716)

Detalles MARC
000 -LÍDER
Campo fijo de descripción fija 00982cam a2200313 i 4500
001 - NÚMERO DE CONTROL
Campo de control 20365
003 - IDENTIFICADOR DEL NÚMERO DE CONTROL
Campo de control CO-MdFUSB
005 - FECHA Y HORA DE LA ULTIMA TRANSACCIÓN
control field 20170731153612.0
008 - ELEMENTOS DE LONGITUD FIJA -- INFORMACIÓN GENERAL
Campo fijo de descripción fija -- Información general 161201t1994 xxu||||g |||| 00| 0 eng d
020 ## - NÚMERO INTERNACIONAL NORMALIZADO PARA LIBROS
Número Internacional Normalizado del libro Vol. 1: 978-0-8010-1053-8 ; Vol. 2: 978-0-8010-1052-1
040 ## - FUENTE DE CATALOGACIÓN
Agencia de catalogación original CO-MdFUSB
Idioma de catalogación spa
Agencia que realiza la transcripción CO-MdFUSB
Agencia que realiza la modificación CO-MdFUSB
Convenciones de la descripción rda
041 ## - CÓDIGO DE IDIOMA
Código de idioma para texto/pista de sonido o título separado eng
082 ## - NÚMERO DE CLASIFICACIÓN DECIMAL DEWEY
Número de la edición del Dewey 24
Número de clasificación 225.7
Clave de autor-Numero de item B167l
100 1# - ASIENTO PRINCIPAL--NOMBRE PERSONAL
Nombre personal Bock, Darrell L.
Término relacionador autor
245 00 - TÍTULO
Título del Material Luke
Mención de responsabilidad, etc. / Darrell L. Bock
Parte restante del título - Subtitulo :
264 #1 - PRODUCCIÓN, PUBLICACIÓN, DISTRIBUCIÓN, MANUFACTURA, Y COPYRIGHT
Lugar de producción, publicación, distribución, manufactura Grand Rapids, Michigan:
Nombre del productor, publicador, distribuidor Baker Academic,
Fecha de producción, publicación, distribución, manufactura, o copyright ℗1994
264 #4 - PRODUCCIÓN, PUBLICACIÓN, DISTRIBUCIÓN, MANUFACTURA, Y COPYRIGHT
Fecha de producción, publicación, distribución, manufactura, o copyright ©1994
300 ## - DESCRIPCIÓN FÍSICA
Extensión 2 volúmenes
Otros detalles físicos :
Dimensiones ;
336 ## - TIPO DE CONTENIDO
Fuente rdacontent
Término de tipo de contenido
Código de tipo de contenido
337 ## - TIPO DE MEDIO
Fuente rdamedia
Nombre del tipo de medio
Código del tipo de medio
338 ## - TIPO DE SOPORTE
Fuente rdacarrier
Nombre del tipo de soporte
Código Tipo de soporte
490 ## - MENCIÓN DE SERIE
Mención de serie Baker Exegetical Commentary on the New Testament
501 ## - NOTA DE “CON”
Nota de Contenido Pasta dura
504 ## - NOTA DE BIBLIOGRAFÍA, ETC.
Nota de bibliografía, etc Incluye índices
505 00 - NOTA DE CONTENIDO
Nota de contenido con formato preestablecido Volumen 1: Comentario sobre Juan 1:1-9:50 \ Volumen 2: Comentario sobre Juan 9:51-24:53
653 ## - TÉRMINO DE INDIZACIÓN - NO CONTROLADO
Término no controlado Bible. N.T.--Luke
942 ## - TIPO DE MATERIAL (KOHA)
Tipo de Item KOHA Libros de Referencia
Existencias
Estado de Material Estado de Perdido Forma de Clasificación Estado de Dañado No para Préstamo Colección Biblioteca de Origen Biblioteca Permanente Fecha de Adquisición Total de Préstamos Signatura Topográfica Código de Barras Última vez visto Ejemplar/Existencia Fecha de Remplazo Tipo de Material Última vez Préstado
    Dewey Decimal Classification     Colección de Referencia Biblioteca FUSBC Biblioteca FUSBC 23/07/2015   R 225.7 B167b3 20501 31/05/2025 Vol. 1, ej. 1 26/01/2016 Libros de Referencia  
    Dewey Decimal Classification     Colección de Referencia Biblioteca FUSBC Biblioteca FUSBC 23/07/2015 2 R 225.7 B167b3 20502 31/05/2025 Vol.2, ej. 1 26/01/2016 Libros de Referencia 16/05/2017

Biblioteca FUSBC | Teléfono: (57+4) 349 88 10 Ext. 141| WhatsApp (+57) 3005338115 
E-mail: biblioteca@unisbc.edu.co | Calle 76 87-14 Robledo Palenque, Medellín, Colombia

Con tecnología Koha